[Event "Manhem Chess Week-Elo 2019"]
[Site "Moelnlycke"]
[Date "2019.08.16"]
[Round "7.5"]
[White "Hattab, Hashim"]
[Black "Bohlin, Jan"]
[Result "1/2-1/2"]
[WhiteElo "1868"]
[BlackElo "1724"]
[Annotator "NA"]
[PlyCount "96"]
[EventDate "2019.08.10"]
[EventType "tourn"]
[EventCountry "SWE"]
[SourceTitle "playchess.com"]
[Source "ChessBase"]
[SourceQuality "1"]
[TimeControl "40/5400+30:1800+30"]

1. d4 {[%emt 0:00:00]} Nf6 {[%emt 0:00:00]} 2. c4 {[%emt 0:00:00]} e6 {[%emt 0:00:00]} 3. Nc3 {[%emt 0:00:14]} Bb4 {[%emt 0:00:00]} 4. e3 {[%emt 0:00:07]} O-O {[%emt 0:00:32]} 5. Bd3 {[%emt 0:00:05]} c5 {[%emt 0:00:10]} 6. a3 {[%emt 0:00:12]} Bxc3+ {[%emt 0:00:08]} 7. bxc3 {[%emt 0:00:08]} Nc6 {[%emt 0:00:20]} 8. Ne2 {[%emt 0:01:54]} b6 {[%emt 0:00:27]} 9. e4 {[%emt 0:01:15]} Ne8 {[%emt 0:00:42]} 10. Be3 {[%emt 0:08:41]} d6 {[%emt 0:09:09]} 11. f4 {[%emt 0:00:00] E29: Nimzo-Indian: Sämisch: 5...0-0 6 e3 c5 7 Bd3 Nc6} (11. O-O Na5 12. Ng3 Ba6 13. Qe2 Qd7 14. f4 Rc8 15. Rac1 f6 16. d5 Nc7 17. e5 f5 18. Rcd1 Rcd8 19. Bf2 g6 20. Rfe1 Rfe8 {½-½ (29) Toth,E (2426)-Vetoshko,V (2511) Slovakia 2018}) 11... f5 {[%emt 0:02:42]} 12. Ng3 {[%emt 0:04:26]} Qh4 {[%emt 0:18:05]} 13. exf5 $146 {[%emt 0:06:58]} ({Predecessor:} 13. O-O Nf6 14. Kh1 Ng4 15. Bg1 cxd4 16. exf5 Rf6 17. Be2 exf5 18. cxd4 {0-1 (32) Rubio Aguado,F-Cuellar Gacharna,M Mar del Plata 1957}) 13... exf5 {[%emt 0:00:32]} 14. d5 {[%emt 0:00:30]} Na5 {[%emt 0:03:23]} 15. O-O {[%emt 0:00:32]} g6 {[%emt 0:06:12]} 16. Bf2 {[%emt 0:01:02]} Qd8 {[%emt 0:07:54]} 17. Re1 {[%emt 0:01:50]} Ba6 {[%emt 0:02:57]} 18. Qa4 {[%emt 0:08:17]} Ng7 {[%emt 0:04:48]} ({Better is} 18... Nf6 $17 19. Rad1 Qd7 20. Qxd7 Nxd7) 19. Re2 {[%emt 0:04:57]} Rf7 {[%emt 0:01:52]} 20. Rae1 {[%emt 0:01:08]} Qd7 {[%emt 0:00:35]} 21. Qc2 {[%emt 0:04:32]} Bxc4 {[%emt 0:03:18]} 22. Bxc4 {[%emt 0:00:44]} Nxc4 {[%emt 0:00:01]} 23. a4 {[%emt 0:00:54]} a6 {[%emt 0:08:19]} 24. Nf1 {[%emt 0:02:24]} (24. Qa2 $15 b5 25. axb5) 24... b5 {[%emt 0:02:06]} 25. Bh4 $17 {[%emt 0:00:46]} Re8 {[%emt 0:06:28]} 26. Rxe8+ {[%emt 0:00:45]} Nxe8 {[%emt 0:00:12]} 27. axb5 {[%emt 0:00:53]} axb5 {[%emt 0:00:35]} 28. Qa2 {[%emt 0:01:51]} Nf6 {[%emt 0:04:31]} 29. Ng3 {[%emt 0:08:43]} Kg7 {[%emt 0:02:32]} 30. Qa8 {[%emt 0:01:53]} Nb6 {[%emt 0:03:42]} 31. Bxf6+ {[%emt 0:07:38]} Rxf6 {[%emt 0:01:26]} 32. Qb8 {[%emt 0:00:48]} Nxd5 {[%emt 0:01:08]} 33. Re8 {[%emt 0:00:17]} Rf7 {[%emt 0:03:36]} 34. h4 {[%emt 0:02:51]} Nf6 {[%emt 0:03:22]} 35. Re1 {[%emt 0:03:54]} Rf8 {[%emt 0:01:36]} 36. Qb6 {[%emt 0:00:42]} Nd5 {[%emt 0:00:38]} 37. Qa5 {[%emt 0:00:36]} Nxf4 {[%emt 0:00:36]} 38. Nf1 {[%emt 0:01:05]} Re8 {[%emt 0:01:15]} 39. Rxe8 {[%emt 0:01:03]} Qxe8 {[%emt 0:00:01]} 40. Qc7+ {[%emt 0:00:19]} Qf7 {[%emt 0:00:49]} 41. Qxd6 {[%emt 0:30:31]} Ne2+ {[%emt 0:33:20]} 42. Kh2 {[%emt 0:00:55]} Nxc3 {[%emt 0:00:00]} 43. Qxc5 {[%emt 0:00:00]} Ne4 {[%emt 0:00:00]} 44. Qxb5 {[%emt 0:00:00]} Qc7+ {[%emt 0:00:00]} 45. Kg1 {[%emt 0:00:00]} Qc5+ {[%emt 0:00:00]} 46. Qxc5 {[%emt 0:00:00]} Nxc5 {[%emt 0:00:00]} 47. g3 {[%emt 0:00:00]} Ne4 {[%emt 0:00:00]} 48. Kg2 {[%emt 0:00:00]} Kf6 {[%emt 0:00:00]} 1/2-1/2

[Event "Manhem Chess Week-Elo 2019"]
[Site "Moelnlycke"]
[Date "2019.08.16"]
[Round "7.6"]
[White "Johansson, Eva"]
[Black "Degerfeldt, Sven"]
[Result "0-1"]
[WhiteElo "1869"]
[BlackElo "1918"]
[Annotator "NA"]
[PlyCount "75"]
[EventDate "2019.08.10"]
[EventType "tourn"]
[EventCountry "SWE"]
[SourceTitle "playchess.com"]
[Source "ChessBase"]
[SourceQuality "1"]
[TimeControl "40/5400+30:1800+30"]

1. d4 {[%emt 0:00:00]} d5 {[%emt 0:00:00]} 2. c4 {[%emt 0:00:00]} e6 {[%emt 0:00:00]} 3. Nf3 {[%emt 0:00:10]} a6 {[%emt 0:00:20]} 4. Qc2 {[%emt 0:02:02]} Nf6 {[%emt 0:00:31]} 5. g3 {[%emt 0:00:36]} c6 {[%emt 0:06:11]} 6. Bg2 {[%emt 0:00:51]} Nbd7 {[%emt 0:05:36]} 7. O-O {[%emt 0:00:23]} Bd6 {[%emt 0:00:15]} 8. Nbd2 {[%emt 0:03:46]} O-O {[%emt 0:00:33]} 9. e4 Nxe4 {[%emt 0:01:12]} 10. Nxe4 {[%emt 0:02:21]} dxe4 {[%emt 0:00:45]} 11. Qxe4 {[%emt 0:00:14]} Re8 {[%emt 0:09:35] E01: Catalan: Early deviations} 12. Bg5 $146 {[%emt 0:08:33]} ({Predecessor:} 12. Bf4 Nf6 13. Qe3 Bxf4 14. Qxf4 Qb6 15. b3 c5 16. dxc5 Qxc5 17. Ne5 a5 18. Rfe1 a4 19. Nd3 {1-0 (37) Banusz,T (2583)-Eltigani,O (2295) Hungary 2013}) 12... f6 {[%emt 0:01:47]} 13. Be3 {[%emt 0:02:29]} Qe7 {[%emt 0:04:48]} 14. Rfd1 {[%emt 0:05:16]} Qf7 {[%emt 0:00:46]} 15. Qc2 {[%emt 0:03:45]} Qf8 {[%emt 0:22:44]} 16. Nd2 {[%emt 0:05:05]} f5 {[%emt 0:01:30]} 17. f4 {[%emt 0:06:39]} Nf6 {[%emt 0:02:51]} 18. h3 {[%emt 0:06:10]} Kh8 {[%emt 0:02:54]} 19. Nb3 {[%emt 0:04:30]} Qf7 {[%emt 0:05:06]} 20. Bf2 {[%emt 0:03:18]} h6 {[%emt 0:01:30]} 21. Re1 {[%emt 0:07:18]} Rg8 {[%emt 0:02:24]} 22. Qc3 {[%emt 0:03:57]} Rb8 {[%emt 0:02:50]} 23. Rad1 {[%emt 0:01:52]} Bd7 {[%emt 0:03:34]} 24. Nc5 $16 {[%emt 0:02:56]} Bxc5 {[%emt 0:02:17]} 25. dxc5 {[%emt 0:00:08]} Rbe8 {[%emt 0:00:13]} 26. Qe5 {[%emt 0:02:49]} Bc8 {[%emt 0:00:41]} 27. Rd6 {[%emt 0:04:31]} Kh7 {[%emt 0:01:16]} 28. Kh2 {[%emt 0:02:11]} Ref8 {[%emt 0:03:52]} 29. Bf3 {[%emt 0:02:53]} g5 {[%emt 0:01:08]} 30. Bg2 {[%emt 0:03:58]} Rg6 {[%emt 0:04:30]} 31. Rd3 {[%emt 0:03:53]} Rfg8 {[%emt 0:00:24]} 32. Rg1 {[%emt 0:04:00]} R6g7 {[%emt 0:02:03]} 33. Bd4 {[%emt 0:01:36]} Rg6 {[%emt 0:00:28]} 34. fxg5 {[%emt 0:02:05]} hxg5 {[%emt 0:00:27]} 35. Bf3 {[%emt 0:03:09]} Rh6 {[%emt 0:00:43]} 36. g4 {[%emt 0:01:02]} Qg6 {[%emt 0:08:51]} 37. Qe2 {[%emt 0:02:33]} Nxg4+ {[%emt 0:01:15]} 38. Rxg4 {[%emt 0:00:39]} 0-1

[Event "Manhem Chess Week-Elo 2019"]
[Site "Moelnlycke"]
[Date "2019.08.16"]
[Round "7.7"]
[White "Jacobsson, Lennart"]
[Black "Berg, Roy"]
[Result "1/2-1/2"]
[WhiteElo "1754"]
[BlackElo "1913"]
[Annotator "NA"]
[PlyCount "71"]
[EventDate "2019.08.10"]
[EventType "tourn"]
[EventCountry "SWE"]
[SourceTitle "playchess.com"]
[Source "ChessBase"]
[SourceQuality "1"]
[TimeControl "40/5400+30:1800+30"]

1. e4 {[%emt 0:00:23]} c6 {[%emt 0:00:00]} 2. d4 {[%emt 0:00:09]} d5 {[%emt 0:00:00]} 3. exd5 {[%emt 0:00:28]} cxd5 {[%emt 0:00:29]} 4. Bd3 {[%emt 0:00:03]} Nc6 {[%emt 0:00:38]} 5. c3 {[%emt 0:00:03]} Nf6 {[%emt 0:00:12]} 6. Bf4 {[%emt 0:00:06]} Bg4 {[%emt 0:09:53]} 7. Qb3 {[%emt 0:00:09]} Qd7 {[%emt 0:00:16]} 8. Nd2 {[%emt 0:00:55]} e6 {[%emt 0:00:32]} 9. Ngf3 {[%emt 0:00:15]} Bxf3 {[%emt 0:00:09]} 10. Nxf3 {[%emt 0:00:15]} Bd6 {[%emt 0:01:26]} 11. Ne5 {[%emt 0:09:34] B13: Caro-Kann: Exchange Variation and Panov-Botvinnik Attack} (11. Bxd6 Qxd6 12. Qxb7 Rb8 13. Qa6 O-O 14. Bb5 Rb6 15. Qa4 Rfb8 16. Bxc6 Rxc6 17. Ne5 Rcb6 18. Nd3 Ne4 19. O-O Nd2 {0-1 (38) Vidit,S (2711)-Shimanov,A (2626) chess.com INT 2018}) 11... Qc7 {[%emt 0:06:26]} 12. Nxc6 {[%emt 0:12:05]} bxc6 {[%emt 0:06:06]} 13. Bxd6 $146 {[%emt 0:00:35]} ({Predecessor:} 13. Bg5 Nd7 14. Qc2 h6 15. Be3 O-O 16. h3 e5 17. dxe5 Nxe5 18. O-O Rab8 {0-1 (37) Tanishka,K (1219)-Sabzi,T Caldas Novas 2011}) 13... Qxd6 {[%emt 0:02:24]} 14. O-O {[%emt 0:00:26]} O-O {[%emt 0:00:08]} 15. Rfe1 {[%emt 0:00:40]} c5 {[%emt 0:09:09]} 16. dxc5 {[%emt 0:01:08]} Qxc5 {[%emt 0:00:35]} 17. Qc2 {[%emt 0:07:25]} Qd6 {[%emt 0:02:38]} 18. Qe2 {[%emt 0:02:04]} Rab8 {[%emt 0:04:26]} 19. Rab1 {[%emt 0:03:13]} Rb6 {[%emt 0:03:20]} 20. Qe5 {[%emt 0:03:01]} Qxe5 {[%emt 0:08:27]} 21. Rxe5 {[%emt 0:00:10]} Rfb8 {[%emt 0:00:06]} 22. Re2 {[%emt 0:04:18]} Nd7 {[%emt 0:00:54]} 23. Rc2 {[%emt 0:02:56]} Kf8 {[%emt 0:13:45]} 24. Be2 {[%emt 0:03:21]} Ne5 {[%emt 0:06:20]} 25. b3 {[%emt 0:09:29]} Rc8 $11 {[%emt 0:06:59]} 26. f4 {[%emt 0:01:09]} Nc4 {[%emt 0:09:26]} 27. Rbc1 {[%emt 0:05:43]} Na3 {[%emt 0:02:43]} 28. Rd2 {[%emt 0:00:36]} Rbc6 {[%emt 0:00:16]} 29. Rd3 {[%emt 0:11:13]} Nb5 {[%emt 0:04:04]} 30. c4 {[%emt 0:01:06]} Ke7 {[%emt 0:00:49]} 31. Rh3 {[%emt 0:01:10]} h6 {[%emt 0:00:23]} 32. Rd1 {[%emt 0:01:33]} Nc7 {[%emt 0:00:39]} 33. Rhd3 {[%emt 0:09:15]} Kf6 {[%emt 0:00:07]} 34. Bf3 {[%emt 0:05:36]} Ra6 {[%emt 0:00:50]} 35. R3d2 {[%emt 0:02:29]} Ra3 {[%emt 0:00:32]} 36. Rc1 {[%emt 0:02:54]} 1/2-1/2